[Event "SVK-chT 2425"]
[Site "Slovakia"]
[Date "2025.02.16"]
[Round "6.5"]
[White "Zetocha, Claudiu Andrei"]
[Black "Zambor, Norbert"]
[Result "0-1"]
[WhiteElo "2283"]
[BlackElo "2240"]
[PlyCount "94"]
[EventDate "2024.11.23"]
[EventType "team-tourn"]
[EventRounds "11"]
[EventCountry "SVK"]
[SourceTitle "CB14_2025"]
[SourceDate "2024.11.01"]
[SourceVersion "1"]
[SourceVersionDate "2024.11.01"]
[SourceQuality "1"]
[WhiteTeam "Bratislava Slovan"]
[BlackTeam "Dunajov/Martin"]
[WhiteTeamCountry "SVK"]
[BlackTeamCountry "SVK"]

1. d4 Nf6 2. c4 g6 3. Nc3 Bg7 4. e4 d6 5. Nge2 0-0 6. Ng3 Nbd7 7. Be2 e5 8. d5 a5 9. h4 Nc5 10. h5 c6 11. Bg5 Qb6 12. Qd2 cxd5 13. cxd5 Bd7 14. Rb1 Rac8 15. f3 a4 16. Be3 Ne8 17. Bf2 Qd8 18. hxg6 fxg6 19. Bb5 Bxb5 20. Nxb5 Qd7 21. Qe2 h5 22. Be3 Nc7 23. Na3 N7a6 24. b4 axb3 25. axb3 Nb4 26. Qd2 Ncd3+ 27. Ke2 Ra8 28. Ra1 b5 29. Nc2 Rxa1 30. Rxa1 Nxc2 31. Qxc2 Nf4+ 32. Kf2 h4 33. Ne2 h3 34. g3 Ng2 35. Bd2 Qg4 36. Qd3 Nh4 37. Nf4 Nxf3 38. Qxf3 Qxf3+ 39. Kxf3 exf4 40. Rd1 fxg3+ 41. Kxg3 Be5+ 42. Kxh3 Rf3+ 43. Kg2 Rxb3 44. Kf2 b4 45. Ke2 Kg7 46. Rc1 Rb2 47. Kd3 Rxd2+ 0-1

[Event "SVK-chT1W 2425"]
[Site "Slovakia"]
[Date "2025.02.02"]
[Round "7.1"]
[White "Zetocha, Claudiu Andrei"]
[Black "Terbe, Zsuzsanna"]
[Result "1/2-1/2"]
[WhiteElo "2283"]
[BlackElo "2163"]
[PlyCount "70"]
[EventDate "2024.11.16"]
[EventType "team-tourn"]
[EventRounds "11"]
[EventCountry "SVK"]
[SourceTitle "CB14_2025"]
[SourceDate "2024.11.01"]
[SourceVersion "1"]
[SourceVersionDate "2024.11.01"]
[SourceQuality "1"]
[WhiteTeam "Bratislava Slovan II"]
[BlackTeam "Dunajska Streda II"]
[WhiteTeamCountry "SVK"]
[BlackTeamCountry "SVK"]

1. c4 c6 2. e4 d5 3. exd5 cxd5 4. cxd5 Nf6 5. Nc3 Nxd5 6. Nf3 Nc6 7. Bb5 e6 8. d4 Be7 9. 0-0 0-0 10. Re1 Bd7 11. Bd3 Rc8 12. a3 Nxc3 13. bxc3 Qa5 14. Bd2 Qh5 15. Rb1 b6 16. a4 Bd6 17. Rb5 f5 18. Qb3 Nd8 19. Rbe5 Kh8 20. R5e2 Bc6 21. Ne5 Bxe5 22. Rxe5 Qg4 23. Bf1 Bd5 24. Rxd5 exd5 25. Qxd5 Nf7 26. h3 Qh4 27. Qd7 Ng5 28. Qe7 f4 29. d5 Rf7 30. Qe8+ Rf8 31. Qe7 Rf7 32. Qe8+ Rf8 33. Qe5 Qh5 34. d6 Rce8 35. Qd4 Rxe1 1/2-1/2

[Event "EU-chT Seniors 50"]
[Site "Terme Catez"]
[Date "2024.05.07"]
[Round "1.3"]
[White "Zetocha, Claudiu Andrei"]
[Black "Doring, Robert"]
[Result "1-0"]
[WhiteElo "2277"]
[BlackElo "2111"]
[PlyCount "39"]
[EventDate "2024.05.07"]
[EventType "team-swiss"]
[EventRounds "9"]
[EventCountry "SLO"]
[SourceTitle "CBM 220 Extra"]
[Source "ChessBase"]
[SourceDate "2024.07.31"]
[SourceVersion "1"]
[SourceVersionDate "2024.07.31"]
[SourceQuality "1"]
[WhiteTeam "Slovakia 50"]
[BlackTeam "Czech Republic KHK 50"]
[WhiteTeamCountry "SVK"]
[BlackTeamCountry "CZE"]

1. e4 e5 2. Nf3 Nc6 3. Bc4 Nf6 4. d3 Be7 5. 0-0 0-0 6. Re1 d6 7. a4 Bg4 8. h3 Bh5 9. c3 a6 10. Nbd2 d5 11. exd5 Nxd5 12. a5 Nf4 13. Ne4 Bf6 14. d4 Re8 15. Kh2 Bxf3 16. Qxf3 Ng6 17. d5 Nb8 18. g3 Nd7 19. h4 b5 20. Ba2 1-0

[Event "SVK-chT 2324"]
[Site "Slovakia"]
[Date "2024.02.25"]
[Round "8.5"]
[White "Zetocha, Claudiu Andrei"]
[Black "Pacher, Milan"]
[Result "0-1"]
[WhiteElo "2268"]
[BlackElo "2388"]
[PlyCount "88"]
[EventDate "2023.11.04"]
[EventType "team-tourn"]
[EventRounds "11"]
[EventCountry "SVK"]
[SourceTitle "CBM 220 Extra"]
[Source "ChessBase"]
[SourceDate "2024.07.31"]
[SourceVersion "1"]
[SourceVersionDate "2024.07.31"]
[SourceQuality "1"]
[WhiteTeam "Bratislava Slovan"]
[BlackTeam "Modra"]
[WhiteTeamCountry "SVK"]
[BlackTeamCountry "SVK"]

1. e4 c6 2. d4 d5 3. f3 e6 4. Nc3 Bb4 5. Bd2 dxe4 6. Nxe4 Be7 7. Bd3 Qxd4 8. Ne2 Qd8 9. Bc3 Nf6 10. N2g3 Nbd7 11. Qe2 0-0 12. 0-0-0 Nd5 13. Bd2 Ne5 14. Nf2 Nxd3+ 15. Nxd3 b5 16. h4 c5 17. Nf4 b4 18. h5 Bd6 19. Nxd5 exd5 20. f4 d4 21. Rde1 Be6 22. Ne4 Bd5 23. Nxd6 Qxd6 24. h6 g6 25. Qe5 Qxe5 26. Rxe5 Rfd8 27. Rhe1 a5 28. a3 f5 29. Re7 Be4 30. Rg7+ Kh8 31. g4 Rg8 32. gxf5 gxf5 33. Reg1 Rxg7 34. hxg7+ Kg8 35. Be1 Ra6 36. Rg5 Rh6 37. axb4 axb4 38. Rg1 Rh2 39. Bd2 c4 40. c3 dxc3 41. bxc3 bxc3 42. Be3 h5 43. Kd1 h4 44. Ke1 c2 0-1

[Event "SVK-chT1W 2324"]
[Site "Slovakia"]
[Date "2023.11.25"]
[Round "3.1"]
[White "Zetocha, Claudiu Andrei"]
[Black "Baidetsky, Valentin"]
[Result "1/2-1/2"]
[WhiteElo "2271"]
[BlackElo "2488"]
[PlyCount "184"]
[EventDate "2023.10.21"]
[EventType "team-tourn"]
[EventRounds "11"]
[EventCountry "SVK"]
[SourceTitle "EXT 2025"]
[Source "ChessBase"]
[SourceDate "2024.10.14"]
[SourceVersion "1"]
[SourceVersionDate "2024.10.14"]
[SourceQuality "1"]
[WhiteTeam "Bratislava Slovan II"]
[BlackTeam "Povazska Bystrica"]
[WhiteTeamCountry "SVK"]
[BlackTeamCountry "SVK"]

1. c4 e5 2. e3 d6 3. Nc3 Be7 4. d4 f5 5. dxe5 dxe5 6. Qxd8+ Bxd8 7. Nf3 Nc6 8. a3 a5 9. Be2 Nf6 10. 0-0 Nd7 11. b3 Nc5 12. Rb1 Ne6 13. Rd1 0-0 14. Bb2 g6 15. Nd5 e4 16. Ne1 Nb8 17. Nc2 Na6 18. Be5 c6 19. Nf4 Bc7 20. Bxc7 Naxc7 21. Rd6 Kf7 22. f3 Ke7 23. Rd2 exf3 24. Bxf3 Ng5 25. h4 Nxf3+ 26. gxf3 Ne6 27. Rbd1 Rd8 28. Nd4 Nxf4 29. exf4 Kf6 30. Kf2 h6 31. Nc2 Rxd2+ 32. Rxd2 Be6 33. a4 Rb8 34. Nd4 Rd8 35. Ke3 Bf7 36. Rd3 Re8+ 37. Kd2 g5 38. hxg5+ hxg5 39. fxg5+ Kxg5 40. Ne2 f4 41. Rd4 Re3 42. Nxf4 Rxb3 43. Nd3 Ra3 44. Nc5 b6 45. Nd7 Rxa4 46. Nxb6 Rb4 47. Rg4+ Kf5 48. c5 Rb2+ 49. Kc3 Rb3+ 50. Kd2 Rb2+ 51. Ke3 Rb5 52. Rf4+ Kg6 53. Rg4+ Kh6 54. Rh4+ Bh5 55. Ra4 Kg5 56. Nc4 Rb3+ 57. Kd2 Bxf3 58. Rxa5 Bd5 59. Ne3 Be4 60. Ra4 Kf4 61. Nc4 Rd3+ 62. Kc1 Rd4 63. Kb2 Kg5 64. Nb6 Rd2+ 65. Kc3 Rd3+ 66. Kb4 Rd1 67. Ka5 Bc2 68. Ra2 Bd3 69. Na4 Rb1 70. Rb2 Ra1 71. Kb4 Kf4 72. Nc3 Ra8 73. Na4 Ke5 74. Rh2 Be4 75. Rh6 Kd4 76. Rd6+ Ke5 77. Nb6 Ra1 78. Nc4+ Kf4 79. Na5 Rb1+ 80. Kc4 Bd5+ 81. Kd4 Rd1+ 82. Kc3 Rc1+ 83. Kd4 Rd1+ 84. Kc3 Ke4 85. Nxc6 Rc1+ 86. Kb4 Rb1+ 87. Ka5 Bxc6 88. Rxc6 Kd5 89. Rc8 Ra1+ 90. Kb5 Rb1+ 91. Ka5 Ra1+ 92. Kb5 Rb1+ 1/2-1/2

[Event "EU-chT Seniors 50"]
[Site "Swidnica"]
[Date "2023.07.15"]
[Round "4.5"]
[White "Rasalingam, Haran Tobias"]
[Black "Zetocha, Claudiu Andrei"]
[Result "1-0"]
[WhiteElo "1826"]
[BlackElo "2278"]
[PlyCount "49"]
[EventDate "2023.07.12"]
[EventType "team-tourn"]
[EventRounds "9"]
[EventCountry "POL"]
[SourceTitle "CBM 215 Extra"]
[Source "ChessBase"]
[SourceDate "2023.09.30"]
[SourceVersion "1"]
[SourceVersionDate "2023.09.30"]
[SourceQuality "1"]
[WhiteTeam "England 50 III"]
[BlackTeam "Slovakia 50"]
[WhiteTeamCountry "ENG"]
[BlackTeamCountry "SVK"]

1. e4 g6 2. d4 Bg7 3. Nc3 c6 4. g3 d5 5. e5 h5 6. Bg2 Nh6 7. Nf3 Bf5 8. Bg5 Nd7 9. Qd2 Nb6 10. b3 f6 11. exf6 exf6 12. Be3 g5 13. 0-0 Nf7 14. Rae1 Kf8 15. h4 Bg4 16. Ne2 Bh6 17. hxg5 fxg5 18. Ne5 Bf5 19. g4 hxg4 20. f4 gxf3 21. Rxf3 Be6 22. Ref1 Rh7 23. Rf6 Ke7 24. Nxf7 Rxf7 25. Qb4+ 1-0

[Event "EU-chT Seniors 50"]
[Site "Swidnica"]
[Date "2023.07.13"]
[Round "2.5"]
[White "Zetocha, Claudiu Andrei"]
[Black "Nordenbaek, Jan"]
[Result "1-0"]
[WhiteElo "2278"]
[BlackElo "2162"]
[PlyCount "97"]
[EventDate "2023.07.12"]
[EventType "team-tourn"]
[EventRounds "9"]
[EventCountry "POL"]
[SourceTitle "CBM 215 Extra"]
[Source "ChessBase"]
[SourceDate "2023.09.30"]
[SourceVersion "1"]
[SourceVersionDate "2023.09.30"]
[SourceQuality "1"]
[WhiteTeam "Slovakia 50"]
[BlackTeam "Denmark WriteUpp 50"]
[WhiteTeamCountry "SVK"]
[BlackTeamCountry "DEN"]

1. c4 Nf6 2. g3 g6 3. Bg2 Bg7 4. Nc3 0-0 5. e4 d6 6. Nge2 c5 7. 0-0 Nc6 8. d3 a6 9. h3 Rb8 10. a4 Ne8 11. Be3 Nd4 12. Rb1 Nc7 13. b4 Nxe2+ 14. Nxe2 Ne6 15. f4 Bd7 16. f5 Nd4 17. Nxd4 cxd4 18. Bd2 e6 19. g4 Qh4 20. Be1 Qe7 21. Bg3 Be5 22. Bxe5 dxe5 23. f6 Qd6 24. Qd2 Kh8 25. Ra1 b6 26. g5 Ra8 27. Rfc1 a5 28. c5 bxc5 29. bxc5 Qa6 30. Qc2 Bc6 31. Rab1 Qc8 32. Bf3 Qd7 33. Bd1 Rfc8 34. Rb6 Kg8 35. Qa2 h5 36. Bb3 Ra7 37. Kh2 Kh7 38. Bd1 Kg8 39. Qc4 Qc7 40. Kg3 Qd7 41. Qa2 Kf8 42. Bb3 Rac7 43. Bc4 Kg8 44. Ba6 Ra8 45. Bb5 Kh7 46. Qc4 Rac8 47. Bxc6 Rxc6 48. Qb5 Qc7 49. Rb7 1-0

[Event "EU-chT Seniors 50"]
[Site "Swidnica"]
[Date "2023.07.12"]
[Round "1.2"]
[White "Holmes, Richard F"]
[Black "Zetocha, Claudiu Andrei"]
[Result "0-1"]
[WhiteElo "2270"]
[BlackElo "2278"]
[PlyCount "118"]
[EventDate "2023.07.12"]
[EventType "team-tourn"]
[EventRounds "9"]
[EventCountry "POL"]
[SourceTitle "CBM 215 Extra"]
[Source "ChessBase"]
[SourceDate "2023.09.30"]
[SourceVersion "1"]
[SourceVersionDate "2023.09.30"]
[SourceQuality "1"]
[WhiteTeam "England 50 II"]
[BlackTeam "Slovakia 50"]
[WhiteTeamCountry "ENG"]
[BlackTeamCountry "SVK"]

1. d4 Nf6 2. Nf3 e6 3. e3 c5 4. Bd3 b6 5. 0-0 Bb7 6. b3 Be7 7. Bb2 cxd4 8. exd4 0-0 9. Nbd2 Nc6 10. a3 Rc8 11. Re1 Re8 12. Ne5 d5 13. Qf3 g6 14. g4 Rc7 15. h4 Nxe5 16. dxe5 Nd7 17. Qf4 Nc5 18. Nf3 Nxd3 19. cxd3 d4 20. Nxd4 Bxh4 21. Re2 a6 22. Qe3 Be7 23. b4 Rd7 24. f3 Bf8 25. Rh2 Rd5 26. Kf2 Bg7 27. f4 Rd7 28. Rg1 Qe7 29. Rg3 h6 30. Rgh3 Qf8 31. Nf3 Bxf3 32. Qxf3 Rc8 33. Ke1 f5 34. g5 h5 35. Qd1 Rdc7 36. Qb3 Kf7 37. Rd2 Rd7 38. d4 Rd5 39. Qd3 b5 40. Rc2 Qd8 41. Rhh2 Rd7 42. Rxc8 Qxc8 43. Qf3 Bf8 44. Kd1 Rc7 45. Rd2 Rd7 46. Rc2 Rc7 47. Rd2 Qd7 48. d5 exd5 49. Rxd5 Qe6 50. Qd3 Be7 51. Ke2 Rc2+ 52. Qxc2 Qxd5 53. Kf2 Bd8 54. Kg3 Bb6 55. Bc1 Qh1 56. Qb3+ Kg7 57. Be3 Qe1+ 58. Kf3 Qf1+ 59. Kg3 h4+ 0-1

[Event "SVK-chT1W 2223"]
[Site "Slovakia"]
[Date "2022.12.03"]
[Round "5.2"]
[White "Zetocha, Claudiu Andrei"]
[Black "Ruckschloss, Karol"]
[Result "1/2-1/2"]
[WhiteElo "2304"]
[BlackElo "2196"]
[PlyCount "36"]
[EventDate "2022.10.15"]
[EventType "team-tourn"]
[EventRounds "11"]
[EventCountry "SVK"]
[SourceTitle "EXT 2024"]
[Source "ChessBase"]
[SourceDate "2023.10.10"]
[SourceVersion "1"]
[SourceVersionDate "2023.10.10"]
[SourceQuality "1"]
[WhiteTeam "Bratislava Slovan II"]
[BlackTeam "Bratislava Slovan III"]
[WhiteTeamCountry "SVK"]
[BlackTeamCountry "SVK"]

1. e4 e6 2. d4 d5 3. Nc3 Nf6 4. e5 Nfd7 5. f4 c5 6. Nf3 Nc6 7. Be3 a6 8. Qd2 b5 9. a3 g6 10. dxc5 Nxc5 11. Qf2 Na4 12. Nd1 Qe7 13. Bd3 Nc5 14. 0-0 Bb7 15. Nd4 Rc8 16. Nc3 b4 17. Nce2 bxa3 18. bxa3 Na5 1/2-1/2

[Event "SVK-chT 2122"]
[Site "Slovakia"]
[Date "2022.03.12"]
[Round "5.4"]
[White "Zetocha, Claudiu Andrei"]
[Black "Toth, Ervin"]
[Result "1-0"]
[WhiteElo "2288"]
[BlackElo "2439"]
[PlyCount "107"]
[EventDate "2021.10.23"]
[EventType "team-tourn"]
[EventRounds "11"]
[EventCountry "SVK"]
[SourceTitle "EXT 2023"]
[Source "ChessBase"]
[SourceDate "2022.10.05"]
[SourceVersion "1"]
[SourceVersionDate "2022.10.05"]
[SourceQuality "1"]
[WhiteTeam "Bratislava Slovan"]
[BlackTeam "Cebovce"]
[WhiteTeamCountry "SVK"]
[BlackTeamCountry "SVK"]

1. c4 g6 2. g3 Bg7 3. Bg2 d6 4. Nc3 Nf6 5. e4 0-0 6. Nge2 c5 7. 0-0 Nc6 8. d3 Bd7 9. h3 a6 10. a4 Ne8 11. Be3 Nc7 12. Rb1 Ne6 13. Nd5 Ned4 14. Nxd4 Nxd4 15. Bg5 f6 16. Bd2 e6 17. Ne3 a5 18. f4 f5 19. b3 Kh8 20. Nc2 Qf6 21. Be3 Bc6 22. Nxd4 cxd4 23. Bd2 e5 24. fxe5 dxe5 25. Qe1 Qd8 26. Qe2 Qd7 27. Kh2 Rf7 28. Rf2 Qc7 29. Rbf1 Raf8 30. b4 f4 31. b5 Bd7 32. Bc1 Bh6 33. gxf4 exf4 34. Bf3 Qe5 35. Bb2 Bg7 36. Rg2 g5 37. Rfg1 Bf6 38. Qf2 h5 39. Rxg5 Qxg5 40. Rxg5 Bxg5 41. Bxd4+ Kh7 42. Bc3 Be6 43. Qb6 Re7 44. Qc5 Rg8 45. Be1 b6 46. Qxb6 Rg6 47. Qc5 Rd7 48. Bxh5 Rxd3 49. Bxg6+ Kxg6 50. h4 Rh3+ 51. Kg1 Bf6 52. Qd6 Kf7 53. Qxf4 Kg6 54. Bg3 1-0

[Event "SVK-chT 1920"]
[Site "Slovakia"]
[Date "2020.09.04"]
[Round "9.7"]
[White "Kapolkova, Greta"]
[Black "Zetocha, Claudiu Andrei"]
[Result "0-1"]
[WhiteElo "1567"]
[BlackElo "2303"]
[PlyCount "62"]
[EventDate "2019.10.19"]
[EventType "team-tourn"]
[EventRounds "11"]
[EventCountry "SVK"]
[SourceTitle "EXT 2021"]
[Source "ChessBase"]
[SourceDate "2020.10.23"]
[SourceVersion "1"]
[SourceVersionDate "2020.10.23"]
[SourceQuality "1"]
[WhiteTeam "Bratislava KSN"]
[BlackTeam "Bratislava Slovan"]
[WhiteTeamCountry "SVK"]
[BlackTeamCountry "SVK"]

1. e4 c5 2. Nf3 e6 3. d4 cxd4 4. Nxd4 a6 5. Nc3 b5 6. a3 d6 7. Be2 Bb7 8. 0-0 Nf6 9. Bf3 Nbd7 10. Re1 Ne5 11. Bf4 Be7 12. Bxe5 dxe5 13. Nb3 Qc7 14. Qe2 0-0 15. Na2 Rac8 16. c3 Rfd8 17. Red1 h6 18. Nb4 Nh7 19. Rxd8+ Bxd8 20. Rd1 Ng5 21. Nd2 Be7 22. Nf1 Bc5 23. Ng3 Rf8 24. Qd3 f5 25. Rf1 Qb6 26. exf5 Bxf3 27. gxf3 Nh3+ 28. Kh1 Bxb4 29. axb4 Nxf2+ 30. Rxf2 Qxf2 31. b3 exf5 0-1

[Event "SVK-ch rapid"]
[Site "Topolcany"]
[Date "2020.07.11"]
[Round "9"]
[White "Zetocha, Claudiu Andrei"]
[Black "Pacher, Milan"]
[Result "0-1"]
[WhiteElo "2207"]
[BlackElo "2474"]
[PlyCount "38"]
[EventDate "2020.07.11"]
[EventType "swiss (rapid)"]
[EventRounds "9"]
[EventCountry "SVK"]
[SourceTitle "CBM 197 Extra"]
[Source "ChessBase"]
[SourceDate "2020.09.30"]
[SourceVersion "1"]
[SourceVersionDate "2020.09.30"]
[SourceQuality "1"]

1. e4 c5 2. Nf3 d6 3. Bb5+ Nd7 4. 0-0 Ngf6 5. Re1 a6 6. Bxd7+ Bxd7 7. c4 g6 8. d4 cxd4 9. Nxd4 Bg7 10. Nc3 0-0 11. Qd3 Ng4 12. Nf3 Rc8 13. h3 Ne5 14. Nxe5 Bxe5 15. Bh6 Re8 16. Rac1 Qa5 17. b3 b5 18. Nd5 bxc4 19. bxc4 Qxa2 0-1